000 01069nam a2200325 a 4500
001 000043537
003 DO-SdBNP
005 20210720130011.0
008 140324s2010 dr r 000 j spa d
020 _a9789945412413
040 _aBPMSU
_bspa
_cBPMSU
082 _aRD861.08
_bP925p, 2009
_222
111 2 _aPremios Funglode Poesía
_d(2009 :
_cSanto Domingo)
245 1 0 _aPremio de Poesía Pedro Mir /
_cEloy Alberto Tejera ; coordinador editorial Elaine Hernández
246 1 3 _aFondo Negro
260 _aSanto Domingo :
_bFUNGLODE,
_c2010
300 _a73 p. ;
_c26 cm.
490 0 _aPremios Funglode/GFDD 2009
500 _aPremio único Eloy Alberto Tejera
586 _aPremios FUNGLODE, 2009
590 _aInventariado, 2021/VM
650 4 _aPoesía dominicana
650 0 _aLiteratura dominicana.
650 4 _aPremios literarios
650 4 _aCertámenes literarios
700 1 _aTejada, Eloy Alberto
_tFondo negro
710 2 _aFundación Global Democracía y Desarrollo (República Dominicana)
910 _aVMateo
942 _2ddc
_cBK
999 _c13586
_d13586